00962nam a2200277Ia 4500003000400000005001700004008004100021020001500062040001800077041000800095082002000103100002500123245008600148250001200234260005300246300002500299440001000324650003000334650004300364650005900407700003400466700002900500942003000529999001900559952010600578OSt20260306155517.0210716s2001 xx 000 0 und d a8187328568 cAIMIT LIBRARY aeng a510.6221bARUS aArumugam, S.9258076 aEngineering mathematics /cBy S Arumugam, A Thangapandi Isaac and A Somasundaram. a1st ed. aChennai :bScitech Publications Pvt Ltd ,c2001. a305p. ;bPBc24.5 cm vVol-2 aFourier transform9258077 aPartial differential equations9258078 aApplications of partial differential equations9258079 aIssac, A Thangapandi.9258080 aSomasundaram, A.9258081 2ddccBKe1stk510.62 ARUS c185286d185286 001040708MCAaAIMITbAIMITeDonatedl0o510.62 ARUSpMCA04794r2026-05-23 00:00:00w2021-07-16yBK